Quizzes
Events
Quiz Creation
Community
Videos
Private Events
Remove Ads
Sign In
Join for FREE
Feedback
Dark Mode
Quiz Categories
Sports
Geography
Music
Movies
Television
Just For Fun
Miscellaneous
History
Literature
Language
Science
Gaming
Entertainment
Religion
Holiday
For Kids
Quiz Lab
Recent
Popular Today
Quiz Kudos Today
Editor Picks
Curator Picks
Quizzes by...
Day
Popularity
Type
Ratings
Length
Year
Community
Subscriptions
Recent Discussions
Orange Saloon
Badges
Playlists
Quests
Create
Leaderboards
Showdown
Live 5
Trivia Bingo
Activity
Puzzle Library
Sporcle Events
Private Events
Virtual Trivia
Globe League
Become a Host
Pub Owners
SporcleCon
Opinionation
Our Games
Videos
Blog
Mobile Apps
Partnerships
Remove Ads and Go Orange
Feedback
Entertainment
Celebrity
Famous
Musical
Broadway
Show
Quote
Comic Books
Anime
Superhero
DC Comics
Marvel
Cartoons
Animation
Entertainment
Celebrity
Famous
Musical
Broadway
Show
Quote
Comic Books
Anime
Superhero
DC Comics
Marvel
Cartoons
Animation
Random Quiz
Search Sporcle
×
Quiz Lab
Quiz Lab
Entertainment
Century
Type in answers that appear in a list
Type in answers that appear in a list
Classic
Best Score? Go Orange.
My Favorite Movies (21th century) Stats
Can you name the My Favorite Movies (21th century)?
By
TeunvdM
12m
22 Questions
41 Plays
41 Plays
41 Plays
Comments
Comments
Give Quiz Kudos
Give Quiz Kudos
-
- Ratings
hide this ad
Replay
Link that replays current quiz
Next Quiz
Link to next quiz in quiz playlist
You Got
0%
They Got
Avg Score
31%
Avg Friend Score
Upgrade to see
Score Distribution
Jump to the score distribution portion of the page
Score
0/22
Timer
12:00
0
Plays Today
Hint
Answer
% Correct
Frodo
Lord of the Rings
87.8%
Maximus
Gladiator
82.9%
Nick Fury
The Avengers
80.5%
Bruce Wayne
The Dark Knight
73.2%
Dom Cobb
Inception
56.1%
Teddy Daniels
Shutter Island
43.9%
Alan Turing
The Imitation Game
36.6%
Nick Dunne
Gone Girl
34.1%
Jake Sully
Avatar
34.1%
Brian O'Conner
Fast & Furious
26.8%
Adonis Johnson
Creed
24.4%
Hint
Answer
% Correct
Gary 'Eggsy' Unwin
Kingsman
22%
Louis Bloom
Nightcrawler
19.5%
Billy 'The Great' Hope
Southpaw
17.1%
Maj. William Cage
Edge of Tomorrow
12.2%
David Norris
The Adjustment Bureau
9.8%
Hank Palmer
The Judge
9.8%
Robert McCall
The Equalizer
7.3%
Tommy
Warrior
4.9%
Mende
Blood Diamond
4.9%
Jake
Never Back Down
2.4%
Danny
Ocean's Eleven
2.4%
Quiz Playlist
Details
Report
Send in Message
Add To Playlist
Classic:
Type in answers that appear in a list
Last Updated: Feb 16, 2017
Quiz Scoreboard
CHALLENGE
Sign Up to Join the Scoreboard
Show All
Scores
Hide
Comments
May contain spoilers
Recently Published
Movies - When Are They Set?
by FPL_Elf
Movies
5m
Popular People in 1961
by mucciniale
History
6m
1-10 Letter E Words III
by El_Dandy
Language
2m
More to Explore
Quiz From the Vault
Featured Blog Post
Where Did the Easter Bunny Come From?
hide this ad
You Might Also Like...
Tags
Century Quiz
Favorite
Today's Top Quizzes in Entertainment
Browse Entertainment
hide this ad
Today's Top Quizzes in Century
Browse Century
Top Contributed Quizzes in Entertainment
1
Kamen Rider Motifs
2
Dragon Ball Z: Goku's Fights in Order
3
Dragon Ball Z: Mega Character Search
4
One Piece Arcs By Order III
5
Survivor Winners Logic Quiz
6
Undead Unluck Minefield
7
Criteria Quickie: Cartoon Taxonomy II
8
Marvel Characters Bunker
9
Who Wants to Be a Millionaire: Anime Edition
10
Demon Slayer 11-1
Explore More
Trending Topics
NBA
Marvel
Anime
Harry Potter
Crossword
Kpop
Disney
Song
Country
Puzzle
The Office
Soccer
Pokémon
WWE
NFL
hide this ad
More By:
TeunvdM
Quiz
Plays
Rating
Category
Featured
Created
My Favorite Movies (21th century)
41
1.75
Entertainment
May 20, 2016
Favorite countries
26
2.20
Entertainment
May 20, 2016
What Food will I Pursue
11
2.00
Entertainment
Jun 5, 2016
Go to Creator's Profile
Score Distribution
Quiz Creator Spotlight
TeunvdM
Follow
Send a Message
Quizzes Created
-
Created Quiz Play Count
-
More By This Creator
Popular Quizzes Today
1
Find the US States - No Outlines Minefield
2
Find the Countries of Europe - No Outlines Minefield
3
The Countries of the World
4
Popular People in 1961
5
1-10 Letter E Words III
6
US States
7
Find the US States
8
One Thing in Common: World Cities II
More Entertainment Quizzes
The Many Enemies of Batman
Published
Trending Quizzes
Risky Map Clicking: Least Populous States A-Z
1-10 Letter F Words
Humor Books: The Subtitles
1-10 Letter G Words
One Thing in Common: United Kingdom
Recently Updated
Leaping Animals
pecheneg
Reality TV Shows (A-Z)
bhenderson79
Rickey Henderson's Hall of Fame Teammates
pecheneg
Champions League XIs: Arsenal
pecheneg
Quick Pick: Celebrities in WWE's Hall of Fame
aduchscher
A-Z Keypad Blitz II
pecheneg
Multiple Oscar Actors
pecheneg
Mystery Phrase Blitz: Oscar 'Best Actors'
pecheneg
F. Scott Fitzgerald Novels
LTH
Pick 3 Villains
ddd62291
Trending Topics
Crossword
Marvel
NBA
Anime
Harry Potter
Disney
Kpop
Puzzle
Pokémon
The Office
Soccer
WWE
Country
Song
NFL
Your Account Isn't Verified!
In order to create a playlist on Sporcle, you need to verify the email address you used during registration. Go to your
Sporcle Settings
to finish the process.
Report this User
Report this user for behavior that violates our
Community Guidelines
.
Details:
Send Report
Go to the Sporcle.com Mobile Site →
Comments